000 00918nam a22002417a 4500
999 _c20344
_d20344
003 AR-CdUCM
008 190529b ||||| |||| 00| 0 spa d
040 _aMUNICIPALIDAD PROVINCIAL DEL CUSCO
_cBIBLIOTECA MUNICIPAL DEL CUSCO
041 _heng
082 _a621.37 /
_bF24
100 _aFasal, John H.
_942546
245 _aMediciones electrónicas simplificadas :
_bCómo obtener más con equipo de medición de bajo costo /
260 _aBuenos Aires :
_bEdit. Glem,
_c1975.
300 _a151 páginas ;
_c23 cm.
_bFiguras.
505 _aContenido : Instrumentos indicadores de lectura directa -- Óhmetros -- Instrumentos electrónicos -- Calibración de resistores ...
650 _aMedición
_98633
650 _aElectrónica
_921153
650 _aAmplificador
_942547
650 _aVoltímetro
_942548
700 _aMiraglia, Carlos (traductor)
_920846
942 _2ddc
_cLIBROS
945 _aJavier